[Event "HUN-chT2 Erkel 1718"]
[Site "Hungary"]
[Date "2018.03.04"]
[Round "9.6"]
[White "Szego, Krisztian"]
[Black "Kutas, Balazs"]
[Result "1-0"]
[WhiteElo "1750"]
[BlackElo "1888"]
[PlyCount "105"]
[EventDate "2017.09.24"]
[EventType "team-tourn"]
[EventRounds "11"]
[EventCountry "HUN"]
[SourceTitle "EXT 2021"]
[Source "ChessBase"]
[SourceDate "2020.10.23"]
[SourceVersion "1"]
[SourceVersionDate "2020.10.23"]
[SourceQuality "1"]
[WhiteTeam "Andornaktalya"]
[BlackTeam "Salgotarjan"]
[WhiteTeamCountry "HUN"]
[BlackTeamCountry "HUN"]

1. d4 g6 2. g3 Bg7 3. Bg2 Nf6 4. Nf3 0-0 5. 0-0 d6 6. c4 c6 7. Nc3 Be6 8. Qd3 h6 9. e4 Qd7 10. Be3 Bh3 11. d5 Qg4 12. e5 dxe5 13. Nxe5 Qh5 14. f4 Nbd7 15. Bf3 Nxe5 16. fxe5 Qxe5 17. Rfe1 Qc7 18. Bf4 Qd7 19. Qe3 cxd5 20. cxd5 Rfe8 21. Bxh6 Ng4 22. Bxg4 Qxg4 23. Bxg7 Kxg7 24. Rad1 Kg8 25. Ne2 e5 26. Nc3 f5 27. d6 f4 28. Qd3 Rad8 29. Ne4 Kg7 30. Qc3 fxg3 31. Nxg3 Rc8 32. Qd3 Qd4+ 33. Qxd4 exd4 34. Rxe8 Rxe8 35. Rxd4 Kf6 36. Kf2 Rd8 37. Ke3 Ke5 38. Ne4 Bf5 39. Nc5 b6 40. Nd3+ Bxd3 41. Rxd3 Rxd6 42. Rxd6 Kxd6 43. Kf4 Ke7 44. Kg5 Kf7 45. a4 Kg7 46. b4 Kf7 47. b5 Kg7 48. h3 Kf7 49. Kh6 Kf6 50. h4 Kf7 51. Kh7 Kf6 52. Kg8 g5 53. h5 1-0

[Event "HUN-chT2 Erkel 1718"]
[Site "Hungary"]
[Date "2018.02.18"]
[Round "8.7"]
[White "Szego, Krisztian"]
[Black "Matuska, Miklos"]
[Result "1/2-1/2"]
[WhiteElo "1750"]
[BlackElo "2000"]
[PlyCount "109"]
[EventDate "2017.09.24"]
[EventType "team-tourn"]
[EventRounds "11"]
[EventCountry "HUN"]
[SourceTitle "EXT 2021"]
[Source "ChessBase"]
[SourceDate "2020.10.23"]
[SourceVersion "1"]
[SourceVersionDate "2020.10.23"]
[SourceQuality "1"]
[WhiteTeam "Andornaktalya"]
[BlackTeam "Pestszentlorinc"]
[WhiteTeamCountry "HUN"]
[BlackTeamCountry "HUN"]

1. d4 Nf6 2. Nf3 b6 3. g3 Bb7 4. c4 e6 5. Bg2 Bb4+ 6. Bd2 Be7 7. Nc3 0-0 8. 0-0 c5 9. e3 d6 10. Qc2 Nbd7 11. Rad1 Rc8 12. b3 a6 13. Qd3 Rc7 14. e4 cxd4 15. Nxd4 Qa8 16. f3 d5 17. cxd5 exd5 18. Nxd5 Nxd5 19. exd5 Bxd5 20. Nf5 Bc5+ 21. Be3 Be6 22. Nd4 Ne5 23. Qe2 Bd5 24. Nf5 Re8 25. Nd4 Ng4 26. fxg4 Bxg2 27. Qxg2 Qxg2+ 28. Kxg2 Rxe3 29. Nf5 Re2+ 30. Kf3 Re8 31. Rfe1 Rec8 32. Re2 Bf8 33. Red2 g6 34. Ne3 Rc3 35. Rd3 Kg7 36. h3 h6 37. R1d2 Be7 38. Nd5 Rxd3+ 39. Rxd3 Bd8 40. Rc3 Rxc3+ 41. Nxc3 Kf6 42. Ke4 Ke6 43. Ne2 f5+ 44. gxf5+ gxf5+ 45. Ke3 Bg5+ 46. Nf4+ Ke5 47. h4 Bxf4+ 48. gxf4+ Kd5 49. Kd3 h5 50. b4 a5 51. bxa5 bxa5 52. a4 Kc5 53. Kc3 Kd5 54. Kd3 Kc5 55. Kc3 1/2-1/2

[Event "HUN-chT2 Erkel 1718"]
[Site "Hungary"]
[Date "2017.12.03"]
[Round "5.7"]
[White "Szego, Krisztian"]
[Black "Bognar, Csaba"]
[Result "0-1"]
[WhiteElo "1750"]
[BlackElo "2138"]
[PlyCount "102"]
[EventDate "2017.09.24"]
[EventType "team-tourn"]
[EventRounds "11"]
[EventCountry "HUN"]
[SourceTitle "EXT 2021"]
[Source "ChessBase"]
[SourceDate "2020.10.23"]
[SourceVersion "1"]
[SourceVersionDate "2020.10.23"]
[SourceQuality "1"]
[WhiteTeam "Andornaktalya"]
[BlackTeam "Szigetszentmiklos"]
[WhiteTeamCountry "HUN"]
[BlackTeamCountry "HUN"]

1. d4 Nf6 2. Nf3 g6 3. Bf4 Bg7 4. c3 d6 5. Nbd2 Nbd7 6. e4 0-0 7. Be2 Qe8 8. 0-0 e5 9. dxe5 dxe5 10. Be3 h6 11. h3 Qe7 12. Qc2 Ne8 13. g4 f5 14. gxf5 gxf5 15. exf5 Nd6 16. Bd3 b6 17. Be4 Rb8 18. Qb3+ Kh8 19. Qe6 Qxe6 20. fxe6 Nxe4 21. exd7 Nxd2 22. Nxd2 Bxd7 23. Kh2 Rf5 24. f4 exf4 25. Bxf4 Rxf4 26. Rxf4 Be5 27. Raf1 Rf8 28. Kg3 Bxf4+ 29. Rxf4 Rxf4 30. Kxf4 Bxh3 31. Ne4 Kg7 32. Nf2 Bd7 33. Ne4 Kf7 34. a3 Ke6 35. b3 Be8 36. c4 Bg6 37. Nd2 Bc2 38. b4 Kd6 39. Ke3 h5 40. Nf3 Bd1 41. Nd4 a6 42. Ke4 Bg4 43. Nb3 c5 44. bxc5+ bxc5 45. Kf4 Be2 46. Nd2 h4 47. Ke3 Bh5 48. Kf4 Kc6 49. Ke3 h3 50. Nf1 Bf7 51. Kd3 Kd6 0-1

[Event "Eger Agria op 41th"]
[Site "Eger"]
[Date "2017.07.20"]
[Round "6"]
[White "Toth, Janos4444"]
[Black "Szego, Krisztian"]
[Result "1-0"]
[WhiteElo "1662"]
[BlackElo "1764"]
[PlyCount "59"]
[EventDate "2017.07.17"]
[EventType "swiss"]
[EventRounds "9"]
[EventCountry "HUN"]
[SourceTitle "EXT 2020"]
[Source "ChessBase"]
[SourceDate "2019.10.17"]
[SourceVersion "1"]
[SourceVersionDate "2019.10.17"]
[SourceQuality "1"]

1. d4 Nf6 2. c4 e6 3. Nc3 d5 4. e3 c6 5. a3 Be7 6. f4 Ne4 7. Nxe4 dxe4 8. b4 a5 9. b5 cxb5 10. cxb5 b6 11. a4 Nd7 12. Bd2 Nf6 13. Bc4 Bb7 14. Ne2 Rc8 15. Rc1 Nd5 16. 0-0 f5 17. Qb3 0-0 18. Nc3 Kh8 19. Nxd5 Bxd5 20. Bxd5 exd5 21. Rxc8 Qxc8 22. Rc1 Qb7 23. Rc6 Rd8 24. Qc2 Bf6 25. Rc7 Qa8 26. Bc1 Kg8 27. Ba3 h5 28. Be7 Bxe7 29. Rxe7 Kf8 30. Qc7 1-0

[Event "Eger Agria op 40th"]
[Site "Eger"]
[Date "2016.07.21"]
[Round "6"]
[White "Bognar, Bence"]
[Black "Szego, Krisztian"]
[Result "1-0"]
[WhiteElo "1983"]
[BlackElo "1796"]
[PlyCount "53"]
[EventDate "2016.07.18"]
[EventType "swiss"]
[EventRounds "8"]
[EventCountry "HUN"]
[SourceTitle "EXT 2020"]
[Source "ChessBase"]
[SourceDate "2019.10.17"]
[SourceVersion "1"]
[SourceVersionDate "2019.10.17"]
[SourceQuality "1"]

1. e4 c6 2. f4 d5 3. e5 Bf5 4. Nf3 e6 5. d4 c5 6. Bd3 Bxd3 7. Qxd3 Nc6 8. f5 cxd4 9. fxe6 fxe6 10. 0-0 Kd7 11. Ng5 Nh6 12. Nxe6 Qe7 13. Nxd4 Nxd4 14. Qxd4 Qc5 15. Be3 Qxd4 16. Bxd4 Ke6 17. Re1 b6 18. Nc3 Bc5 19. Ne2 Ng4 20. Bxc5 bxc5 21. Nf4+ Kf5 22. Nxd5 Nxe5 23. Rf1+ Kg6 24. Ne7+ Kh6 25. Rae1 Nc4 26. b3 Nd6 27. Re6+ 1-0

[Event "Eger Agria op 40th"]
[Site "Eger"]
[Date "2016.07.18"]
[Round "1"]
[White "Szego, Krisztian"]
[Black "Polyik, Peter"]
[Result "0-1"]
[WhiteElo "1796"]
[BlackElo "2196"]
[PlyCount "62"]
[EventDate "2016.07.18"]
[EventType "swiss"]
[EventRounds "8"]
[EventCountry "HUN"]
[SourceTitle "EXT 2020"]
[Source "ChessBase"]
[SourceDate "2019.10.17"]
[SourceVersion "1"]
[SourceVersionDate "2019.10.17"]
[SourceQuality "1"]

1. e4 Nf6 2. Nc3 d5 3. e5 Ne4 4. Nxe4 dxe4 5. d3 exd3 6. Qxd3 Qxd3 7. Bxd3 Nc6 8. Nf3 Bg4 9. Bb5 0-0-0 10. Bxc6 bxc6 11. Be3 Kb7 12. Rd1 Rd5 13. Bf4 e6 14. Ke2 Be7 15. h3 Bh5 16. Rd2 g5 17. Bg3 Rxd2+ 18. Kxd2 Rd8+ 19. Ke3 h6 20. h4 Bg6 21. hxg5 hxg5 22. c3 g4 23. Nd4 c5 24. Nb3 Kc6 25. Bf4 Bc2 26. Rc1 Bxb3 27. axb3 Rb8 28. b4 cxb4 29. cxb4+ Kd7 30. Ra1 Rxb4 31. g3 Rxb2 0-1

[Event "Eger Osz op"]
[Site "Eger"]
[Date "2009.10.24"]
[Round "4"]
[White "Csonka, Balazs"]
[Black "Szego, Krisztian"]
[Result "1-0"]
[WhiteElo "2093"]
[BlackElo "1844"]
[PlyCount "49"]
[EventDate "2009.10.22"]
[EventType "swiss"]
[EventRounds "7"]
[EventCountry "HUN"]
[SourceTitle "EXT 2011"]
[Source "ChessBase"]
[SourceDate "2010.11.26"]
[SourceVersion "1"]
[SourceVersionDate "2010.11.26"]
[SourceQuality "1"]

1. Nf3 d5 2. d4 Nf6 3. Bf4 e6 4. e3 c5 5. c3 Be7 6. Nbd2 0-0 7. Bd3 Nc6 8. 0-0 b6 9. h3 cxd4 10. exd4 Bb7 11. Re1 Bd6 12. Bxd6 Qxd6 13. Ne5 Nd7 14. Ndf3 f6 15. Nxd7 Qxd7 16. Qc2 g6 17. Qd2 Rae8 18. Rad1 e5 19. dxe5 Nxe5 20. Nxe5 Rxe5 21. Bc4 Rxe1+ 22. Rxe1 Kg7 23. Qd4 Re8 24. Rd1 Re4 25. Qxe4 1-0

[Event "Eger Osz op"]
[Site "Eger"]
[Date "2009.10.23"]
[Round "3"]
[White "Szego, Krisztian"]
[Black "Valyi, Blanka Borbala"]
[Result "1-0"]
[WhiteElo "1844"]
[BlackElo "1446"]
[PlyCount "79"]
[EventDate "2009.10.22"]
[EventType "swiss"]
[EventRounds "7"]
[EventCountry "HUN"]
[SourceTitle "EXT 2011"]
[Source "ChessBase"]
[SourceDate "2010.11.26"]
[SourceVersion "1"]
[SourceVersionDate "2010.11.26"]
[SourceQuality "1"]

1. e4 c5 2. Nf3 d6 3. b3 Nf6 4. Bb2 g6 5. e5 dxe5 6. Nxe5 Bg7 7. Bb5+ Nbd7 8. Nxd7 Bxd7 9. a4 0-0 10. 0-0 Bf5 11. Be2 Qd6 12. Nc3 Rfd8 13. d3 Qb6 14. Rb1 Qc7 15. Bf3 a6 16. Qe2 Rab8 17. Ne4 Re8 18. Qe3 b6 19. a5 Nd5 20. axb6 Qxb6 21. Qxc5 Bxe4 22. Qxb6 Nxb6 23. Bxe4 Rec8 24. c4 Nd7 25. Bxg7 Kxg7 26. d4 Nf6 27. Bc2 Rd8 28. Rfd1 a5 29. Ra1 Ra8 30. d5 Nd7 31. d6 e6 32. Be4 Rab8 33. Rxa5 Rxb3 34. c5 Ne5 35. f4 Nc4 36. Ra8 Rbb8 37. Rxb8 Rxb8 38. d7 Rd8 39. c6 Nb6 40. c7 1-0

[Event "Eger Tel op"]
[Site "Eger"]
[Date "2009.01.30"]
[Round "2"]
[White "Mate, Sandor"]
[Black "Szego, Krisztian"]
[Result "1/2-1/2"]
[WhiteElo "1680"]
[BlackElo "1860"]
[PlyCount "120"]
[EventDate "2009.01.29"]
[EventType "swiss"]
[EventRounds "7"]
[EventCountry "HUN"]
[SourceTitle "EXT 2011"]
[Source "ChessBase"]
[SourceDate "2010.11.26"]
[SourceVersion "1"]
[SourceVersionDate "2010.11.26"]
[SourceQuality "1"]

1. c4 e5 2. Nc3 Nf6 3. Nf3 Nc6 4. a3 d5 5. cxd5 Nxd5 6. d3 Bc5 7. g3 0-0 8. Bg2 Be6 9. 0-0 f5 10. Ng5 Nxc3 11. bxc3 Bd5 12. e4 fxe4 13. Nxe4 Bb6 14. Qg4 Bxe4 15. Bxe4 Qf6 16. Be3 Bxe3 17. fxe3 Qh6 18. Qe2 Qd6 19. Qh5 h6 20. g4 Rxf1+ 21. Rxf1 Rf8 22. Rxf8+ Qxf8 23. Qf5 Qf6 24. Bxc6 Qxf5 25. gxf5 bxc6 26. Kg2 Kf7 27. Kg3 Kf6 28. e4 c5 29. h4 g6 30. fxg6 Kxg6 31. Kg4 h5+ 32. Kf3 Kf6 33. Ke2 Ke6 34. Kd2 Kd6 35. Kc2 Kc6 36. Kb3 Kb6 37. Kc4 c6 38. d4 cxd4 39. cxd4 exd4 40. Kxd4 Kc7 41. Kc5 Kd7 42. a4 a5 43. Kb6 Kd6 44. e5+ Kxe5 45. Kxc6 Ke6 46. Kb5 Kd5 47. Kxa5 Kc5 48. Ka6 Kc6 49. a5 Kc7 50. Kb5 Kb7 51. Kc5 Ka6 52. Kd5 Kxa5 53. Ke5 Kb6 54. Kf6 Kc6 55. Kg6 Kd6 56. Kxh5 Ke7 57. Kh6 Kf6 58. Kh7 Kf7 59. h5 Kf6 60. h6 Kf7 1/2-1/2

[Event "Eger Tel op"]
[Site "Eger"]
[Date "2009.01.30"]
[Round "3"]
[White "Szego, Krisztian"]
[Black "Peczely, Sebastian Zsombor"]
[Result "1-0"]
[WhiteElo "1860"]
[BlackElo "1523"]
[PlyCount "107"]
[EventDate "2009.01.29"]
[EventType "swiss"]
[EventRounds "7"]
[EventCountry "HUN"]
[SourceTitle "EXT 2011"]
[Source "ChessBase"]
[SourceDate "2010.11.26"]
[SourceVersion "1"]
[SourceVersionDate "2010.11.26"]
[SourceQuality "1"]

1. e4 e5 2. Nf3 Nc6 3. d4 exd4 4. Nxd4 Nf6 5. Nxc6 dxc6 6. Qxd8+ Kxd8 7. Bg5 Be7 8. Nc3 h6 9. 0-0-0+ Ke8 10. Bf4 Ng4 11. Bg3 Bf6 12. h3 Ne5 13. f4 Nd7 14. e5 Be7 15. Be2 Bb4 16. Rhe1 Bxc3 17. bxc3 Nb6 18. Bg4 Nd5 19. Rd3 Bxg4 20. hxg4 Rd8 21. f5 Nb6 22. e6 Rxd3 23. cxd3 Nd5 24. Kd2 h5 25. c4 Nb6 26. exf7+ Kxf7 27. Rh1 g6 28. fxg6+ Kxg6 29. gxh5+ Rxh5 30. Rxh5 Kxh5 31. Bxc7 Nd7 32. a4 Kg4 33. d4 Nf6 34. Ke3 Kf5 35. Be5 Ng4+ 36. Kd3 Nxe5+ 37. dxe5 Kxe5 38. Ke3 c5 39. g3 Kf5 40. Kf3 b6 41. g4+ Kg5 42. Kg3 Kg6 43. Kf4 Kf6 44. g5+ Kg6 45. Kg4 Kg7 46. Kf5 Kf7 47. g6+ Kg7 48. Kg5 a6 49. Kf5 a5 50. Kg5 b5 51. cxb5 c4 52. Kf4 Kxg6 53. b6 c3 54. Ke3 1-0

[Event "Eger Tel op"]
[Site "Eger"]
[Date "2009.01.29"]
[Round "1"]
[White "Szego, Krisztian"]
[Black "Molnar, Laszlo"]
[Result "0-1"]
[WhiteElo "1860"]
[BlackElo "2247"]
[PlyCount "82"]
[EventDate "2009.01.29"]
[EventType "swiss"]
[EventRounds "7"]
[EventCountry "HUN"]
[SourceTitle "EXT 2011"]
[Source "ChessBase"]
[SourceDate "2010.11.26"]
[SourceVersion "1"]
[SourceVersionDate "2010.11.26"]
[SourceQuality "1"]

1. d4 Nf6 2. Nf3 g6 3. c3 Bg7 4. Bf4 d6 5. Nbd2 c5 6. e3 Nc6 7. Bd3 0-0 8. 0-0 e5 9. Bg5 h6 10. Bxf6 Qxf6 11. d5 Nb8 12. e4 Nd7 13. a4 Qe7 14. Nc4 f5 15. Re1 Nf6 16. Qc2 f4 17. h3 Nh7 18. Qe2 h5 19. Nh2 Ng5 20. Nf3 Bf6 21. Nxg5 Bxg5 22. Nd2 Qh7 23. Nf3 Be7 24. Bc4 Bf6 25. Rac1 g5 26. Nh2 Qg6 27. f3 Rf7 28. Rc2 Rg7 29. Rf1 a6 30. Bd3 Bd7 31. b3 Bd8 32. c4 Ba5 33. Kh1 Kf7 34. Kg1 Rag8 35. Kh1 Ke7 36. Kg1 Qh6 37. Qd1 g4 38. fxg4 hxg4 39. hxg4 Bxg4 40. Nxg4 Rxg4 41. Rf3 Rh8 0-1

[Event "Eger Tel op"]
[Site "Eger"]
[Date "2008.01.27"]
[Round "6"]
[White "Kovacs, Klara"]
[Black "Szego, Krisztian"]
[Result "0-1"]
[WhiteElo "1937"]
[BlackElo "1831"]
[PlyCount "162"]
[EventDate "2008.01.24"]
[EventType "swiss"]
[EventRounds "7"]
[EventCountry "HUN"]
[SourceTitle "EXT 2011"]
[Source "ChessBase"]
[SourceDate "2010.11.26"]
[SourceVersion "1"]
[SourceVersionDate "2010.11.26"]
[SourceQuality "1"]

1. e4 e6 2. d4 d5 3. Nd2 Nf6 4. e5 Nfd7 5. Ndf3 c5 6. c3 Nc6 7. Bd3 cxd4 8. cxd4 Bb4+ 9. Bd2 Qa5 10. Ne2 Bxd2+ 11. Qxd2 Qxd2+ 12. Nxd2 Nb4 13. Bb1 b5 14. 0-0 Nb6 15. b3 Bd7 16. a3 Nc6 17. Bd3 b4 18. a4 a5 19. Bb5 Ke7 20. Rac1 Rac8 21. Rc5 Na7 22. Rfc1 Bxb5 23. axb5 Nd7 24. b6 Nxc5 25. dxc5 Nc6 26. Nf3 f6 27. Ned4 Kd7 28. Nxc6 Rxc6 29. exf6 gxf6 30. Nd4 Rhc8 31. Nxc6 Kxc6 32. Kf1 Ra8 33. Ke2 a4 34. bxa4 Rxa4 35. Rb1 e5 36. h3 Ra8 37. Rxb4 Kxc5 38. Rh4 Kxb6 39. Rxh7 Rf8 40. h4 Kc5 41. h5 Kd6 42. g4 Ke6 43. Ke3 Rf7 44. Rh8 Ke7 45. f4 Rf8 46. Rh6 Kf7 47. fxe5 fxe5 48. Rd6 Rg8 49. Kf3 d4 50. h6 Rg6 51. h7 e4+ 52. Kf4 Rxd6 53. h8Q e3 54. Qh7+ Ke6 55. Qe4+ Kd7 56. Qd3 Ke7 57. g5 Re6 58. Qxd4 e2 59. Qb4+ Kf7 60. Qe1 Kg6 61. Kg4 Re4+ 62. Kf3 Re5 63. Kf4 Re6 64. Qb1+ Kg7 65. Qa1+ Kg6 66. Qh8 Re4+ 67. Kf3 Re3+ 68. Kg2 e1Q 69. Qf6+ Kh5 70. Qf7+ Kg4 71. Qc4+ Kxg5 72. Qd5+ Kf4 73. Qf7+ Ke4 74. Qc4+ Ke5 75. Qc5+ Kf4 76. Qf8+ Ke4 77. Qe8+ Kd3 78. Qb5+ Kc2 79. Qa4+ Rb3 80. Qc6+ Qc3 81. Qe4+ Kb2 0-1

[Event "Eger Tel op"]
[Site "Eger"]
[Date "2008.01.25"]
[Round "2"]
[White "Bartos, Tamas"]
[Black "Szego, Krisztian"]
[Result "1-0"]
[WhiteElo "2189"]
[BlackElo "1831"]
[PlyCount "33"]
[EventDate "2008.01.24"]
[EventType "swiss"]
[EventRounds "7"]
[EventCountry "HUN"]
[SourceTitle "EXT 2011"]
[Source "ChessBase"]
[SourceDate "2010.11.26"]
[SourceVersion "1"]
[SourceVersionDate "2010.11.26"]
[SourceQuality "1"]

1. d4 e6 2. c4 Nf6 3. Nf3 b6 4. g3 Bb7 5. Bg2 d5 6. Ne5 Nc6 7. Qa4 Qd6 8. a3 Nd7 9. cxd5 Ncxe5 10. dxe5 b5 11. Qxb5 Qb6 12. Nc3 Bc5 13. 0-0 exd5 14. Bxd5 Qxb5 15. Nxb5 Bxd5 16. Nxc7+ Kf8 17. Nxd5 1-0